000 00347nam a22001457a 4500
003 OSt
040 _c9789350140932
082 _222
_a621.38195
100 _aMishra, Amit Kumar
245 _aBasic computer engineering /
250 _a1st ed
260 _aNew Delhi,
_bS.K Kataria and Sons,
_cc2010
300 _a434 p. ;
_bill. ;
942 _2ddc
_cECE
999 _c4808
_d4808